| 000 | 00580nam a22001937a 4500 | ||
|---|---|---|---|
| 003 | NUST | ||
| 005 | 20230126145515.0 | ||
| 008 | 190704b ||||| |||| 00| 0 eng d | ||
| 038 | _aAttaullah. | ||
| 082 | _a510 | ||
| 100 |
_aFatima, Syeda Madiha _916655 |
||
| 245 |
_aSome Methods of Solution for Nonlinear Differential Equations _cSyeda Madiha Fatima. |
||
| 260 |
_aIslamabad : _bSNS - NUST, _c2013. |
||
| 300 |
_a57 p. : ill. ; _c30cm. |
||
| 500 | _aHard Cover. | ||
| 650 |
_aMathematics - M.Phil Thesis. _916594 |
||
| 700 |
_aProf. Faiz Ahmad. _916656 |
||
| 942 |
_2ddc _cTHE |
||
| 999 |
_c525715 _d525715 |
||